| 000 | 00904 a2200301 4500 | ||
|---|---|---|---|
| 999 |
_c200421151 _d38357 |
||
| 001 | 200421151 | ||
| 003 | TR-AnTOB | ||
| 005 | 20250218144037.0 | ||
| 007 | ta | ||
| 008 | 150121s tu 000 0 | ||
| 020 | _a9758593307 | ||
| 040 |
_aTR-AnTOB _btur _erda _cTR-AnTOB |
||
| 041 | 0 | _atur | |
| 050 | 0 | 0 |
_aHN656.5.A8 _bK833 2002 |
| 090 |
_aHN656.5.A8 _bK833 2002 |
||
| 100 |
_aKuban, Doğan _934698 |
||
| 245 | 1 | 0 |
_aKırsal kültürün nesnelik boyutları / _cDoğan Kuban. |
| 264 | 1 |
_aAnkara : _bTürkiye Bilimler Akademisi, _c2002. |
|
| 300 |
_a56 sayfa ; _c20 cm. |
||
| 336 |
_atext _2rdacontent _btxt |
||
| 337 |
_aunmediated _2rdamedia _bn |
||
| 338 |
_avolume _2rdacarrier _bnc |
||
| 651 | 7 |
_aTürkiye _xSosyal politika _2etuturkob _932377 |
|
| 651 | 0 |
_aTurkey _xSocial conditions _y1960- _930020 |
|
| 651 | 7 |
_aTürkiye _xSosyal durum _y1960- _2etuturkob _9119795 |
|
| 942 |
_cBK _2lcc |
||